<?xml version="1.0" encoding="UTF-8"?><?xml-stylesheet type="text/xsl" href="static/style.xsl"?><OAI-PMH xmlns="http://www.openarchives.org/OAI/2.0/" xmlns:xsi="http://www.w3.org/2001/XMLSchema-instance" xsi:schemaLocation="http://www.openarchives.org/OAI/2.0/ http://www.openarchives.org/OAI/2.0/OAI-PMH.xsd"><responseDate>2026-04-18T04:27:12Z</responseDate><request verb="GetRecord" identifier="oai:riubu.ubu.es:10259/6270" metadataPrefix="marc">https://riubu.ubu.es/oai/request</request><GetRecord><record><header><identifier>oai:riubu.ubu.es:10259/6270</identifier><datestamp>2022-04-27T09:49:39Z</datestamp><setSpec>com_10259.4_103</setSpec><setSpec>com_10259.4_1</setSpec><setSpec>com_10259_2604</setSpec><setSpec>col_10259_6064</setSpec></header><metadata><record xmlns="http://www.loc.gov/MARC21/slim" xmlns:doc="http://www.lyncode.com/xoai" xmlns:xsi="http://www.w3.org/2001/XMLSchema-instance" xmlns:dcterms="http://purl.org/dc/terms/" xsi:schemaLocation="http://www.loc.gov/MARC21/slim http://www.loc.gov/standards/marcxml/schema/MARC21slim.xsd">
<leader>00925njm 22002777a 4500</leader>
<datafield tag="042" ind1=" " ind2=" ">
<subfield code="a">dc</subfield>
</datafield>
<datafield tag="720" ind1=" " ind2=" ">
<subfield code="a">Jabato Dehesa, María Jesús</subfield>
<subfield code="e">author</subfield>
</datafield>
<datafield tag="260" ind1=" " ind2=" ">
<subfield code="c">2015</subfield>
</datafield>
<datafield tag="520" ind1=" " ind2=" ">
<subfield code="a">Gregorio Mayoral Sendino (Cabia, 1861-Burgos, 1928)&#xd;
fue nombrado ejecutor de la Justicia de la Audiencia Territorial de&#xd;
Bur gos en 1890. En sus 38 años de ejercicio del cargo dio garrote a 60&#xd;
reos de la pena capital. La ejecución del anarquista Miguel Ángelo&#xd;
Rinaldi, Angiolillo, asesino de Cánovas, y de otros célebres encausados,&#xd;
su precisión y firmeza en el patíbulo y su dedicación al perfeccionamiento&#xd;
del instrumental de las ejecuciones para evitar innecesarios&#xd;
sufrimientos a los ajusticiados, hicieron tristemente famoso a este bur -&#xd;
galés, condenado por su penoso oficio al rechazo social y a la soledad.</subfield>
</datafield>
<datafield tag="520" ind1=" " ind2=" ">
<subfield code="a">Gregorio Mayoral Sendino (Cabia, 1861-Burgos, 1928)&#xd;
was appointed Justice executioner at the Provincial Audience of&#xd;
Burgos, in 1890. During his 38 years of practice he used the cudgel&#xd;
against 60 sentenced to death prisoners. The execution of the anarchist&#xd;
Miguel Ángelo Rinaldi, Angiolillo, Canovas murderer, and of&#xd;
other famous convicts, his precision and determination at the scaffold&#xd;
and his dedication to the improvement of the execution tools&#xd;
aiming to avoid innecesary suffering of the prisoners, made this burgalese&#xd;
sadly famous, condemned to social rejection and lonesomeness&#xd;
by his sorry job.</subfield>
</datafield>
<datafield tag="024" ind2=" " ind1="8">
<subfield code="a">0211-8998</subfield>
</datafield>
<datafield tag="024" ind2=" " ind1="8">
<subfield code="a">http://hdl.handle.net/10259/6270</subfield>
</datafield>
<datafield ind1=" " ind2=" " tag="653">
<subfield code="a">Gregorio Mayoral</subfield>
</datafield>
<datafield ind1=" " ind2=" " tag="653">
<subfield code="a">Ejecutor de la Justicia</subfield>
</datafield>
<datafield ind1=" " ind2=" " tag="653">
<subfield code="a">Verdugo</subfield>
</datafield>
<datafield ind1=" " ind2=" " tag="653">
<subfield code="a">Burgos</subfield>
</datafield>
<datafield ind1=" " ind2=" " tag="653">
<subfield code="a">Justice executioner</subfield>
</datafield>
<datafield ind1=" " ind2=" " tag="653">
<subfield code="a">Executioner</subfield>
</datafield>
<datafield tag="245" ind1="0" ind2="0">
<subfield code="a">Historia corregida y aumentada de Gregorio Mayoral, verdugo de la Audiencia Territorial de Burgos</subfield>
</datafield>
</record></metadata></record></GetRecord></OAI-PMH>